Detalles MARC
| 000 -LIDER |
| fixed length control field |
00875nam a22003135b 4500 |
| 001 - NÚMERO DE CONTROL |
| Identificador de número de control |
2202001 |
| 003 - IDENTIFICACDOR DE NÚMERO DE CONTROL |
| control field |
DO-SdBNP |
| 005 - DATE AND TIME OF LATEST TRANSACTION |
| control field |
20180221093526.0 |
| 007 - CAMPOS FIJOS DE DESCRIPCIÓN FÍSICA |
| fixed length control field |
2202001 |
| 008 - ELEMENTOS DE LONGITUD FIJA |
| fixed length control field |
931004s 1993 sp a ||spa |
| 016 7# - NO. DE CONTROL DE LA AGENCIA BIB. NACIONAL |
| Record control number |
|
| Source |
BPMSU |
| 017 ## - NÚMERO DE REGISTRO DE DERECHOS DE AUTOR |
| Copyright or legal deposit number |
|
| Assigning agency |
|
| 020 ## - ISBN |
| International Standard Book Number |
8434833662 |
| 035 ## - NÚMERO LOCAL |
| System control number |
|
| 040 ## - FUENTE DE CATALOGACIÓN |
| Agencia que crea de manera original el registro |
BPMSU |
| Idioma de catalogación |
spa |
| Agencia que realiza la transcripción |
BPSU |
| Convenciones de la despripción |
|
| 080 #0 - NÚMERO DE CLASIFICACIÓN DECIMAL UNIVERSAL |
| Universal Decimal Classification number |
|
| 100 1# - ASIENTO PRINCIPAL -- NOMBRE PERSONAL |
| Nombre personal |
Sierra i Fabra, Jordi |
| Fechas asociadas con el nombre |
1947- |
| 245 13 - MENCIÓN DE TITULO |
| Título |
La fábrica de nubes / |
| Mención de responsabilidad |
Jordi Sierra i Fabra ;ilustraciones, Viví Escrivá |
| 250 ## - MENCIÓN DE EDICION |
| Mención de edición |
3ª ed. |
| 260 ## - PUBLICACIÓN, DISTRIBUCIÓN, ETC. (PIE DE IMPRENTA) |
| Lugar de publicación, distribución, etc |
Madrid : |
| Nombre del editor, distribuidor, etc. |
SM, |
| Fecha de publicación, distribución, etc |
1993. |
| 300 ## - DESCRIPCIÓN FÍSICA |
| Extensión |
88 p. : |
| Otros detalles físicos |
il., |
| Dimensiones |
19 cm |
| 490 ## - MENCIÓN DE SERIES |
| Mención de serie |
El barco de vapor. |
| -- |
Serie azul |
| Volume/sequential designation |
36 |
| 521 ## - TARGET AUDIENCE NOTE |
| Target audience note |
A partir de 7 años. |
| 700 1# - ASIENTO SECUNDARIO -- NOMBRE PERSONAL |
| Nombre personal |
Escrivá, Viví |
| Fechas asociadas con el nombre |
1939- |
| Mención de responsabilidad |
il. |
| 830 ## - ASIENTO SECUNDARIO DE SERIE--TÍTULO UNIFORME |
| Título uniforme |
El barco de vapor. |
| Nombre de la parte o sección de una obra |
Serie azul |
| Volume number/sequential designation |
36 |
| 942 ## - ADDED ENTRY ELEMENTS (KOHA) |
| Source of classification or shelving scheme |
Dewey Decimal Classification |
| Koha item type |
Libros |
| 945 ## - INFORMACIÓN DE PROCESAMIENTO LOCAL |
| Información de procesamiento local |
Inventariado, 2018/ YL |
| 956 ## - LOCAL ELECTRONIC LOCATION AND ACCESS (OCLC) |
| Nombre de host |
VMATEO |
| Método de acceso |
10 |
| Materiales especificados |
20160405 |
| Enlace |
BPMSU |
| Campo enlazado y núm. de secuencia |
0069 |